Football General Knowledge Quiz #6 - Statistics

General Stats
  • This quiz has been taken 491 times
  • The average score is 13 of 20
Answer Stats
Answer % Correct
Robert Lewandowski
97%
Kylian MbappeGeoff Hurst
93%
2016
89%
Iker Casillas
84%
Erik Ten Hag
79%
VFL Wolfsburg
77%
Morocco
75%
Sadio Mane
72%
Luis Figo
71%
Petr Cech
71%
Oliver Kahn
70%
Atalanta BC
63%
14
61%
Molde
57%
Cristiano Ronaldo
55%
George Weah
55%
Socceroos
35%
Patrik Schick
34%
Olympiastadion
27%
CD Leganes
13%
No matching quizzes found
Score Distribution
Percent of People with Each Score
Percentile by Number Answered
Your Score History
You have not taken this quiz